000 00238nam a2200097Ia 4500
008 220204s9999 xx 000 0 und d
082 _bICS
245 0 _aSocial sciences in professional education
260 _aNew Delhi
_bICSSR
942 _cBK
999 _c27717
_d27717